| 000 | 00457nam a22001817a 4500 | ||
|---|---|---|---|
| 003 | CEME | ||
| 005 | 20210628202617.0 | ||
| 008 | 210209b xxu||||| |||| 00| 0 eng d | ||
| 020 | _a0-07-219513-4 | ||
| 040 | _c. | ||
| 082 | _a005.276 MAC | ||
| 100 |
_aMacdonald, Matthew _960704 |
||
| 245 | _aThe complete reference asp.net | ||
| 260 |
_aNEW YORK _bMCGRAW HILL _c2002 |
||
| 300 | _aXXIX,977P | ||
| 650 |
_aXML; WEB SERVICES _960705 |
||
| 942 |
_cBK _2ddc |
||
| 999 |
_c570373 _d570373 |
||